Исследование свойств диоксида церия; Известия Томского политехнического университета [Известия ТПУ]; Т. 306, № 6
| Parent link: | Известия Томского политехнического университета [Известия ТПУ]/ Томский политехнический университет (ТПУ).— , 2000- Т. 306, № 6.— 2003.— [С. 94-97] |
|---|---|
| Outros Autores: | , , , |
| Resumo: | Заглавие с титульного листа Электронная версия печатной публикации Исследовано влияние различных факторов, действующих в процессе осаждения карбоната церия, на структуру диоксида церия, полученного их прокалкой при 500 и 1000°С. Показана возможность получения диоксида церия с высокой удельной площадью поверхности, пригодного для использования в производстве катализаторов. |
| Idioma: | russo |
| Publicado em: |
2003
|
| Colecção: | Технические науки |
| Assuntos: | |
| Acesso em linha: | http://www.lib.tpu.ru/fulltext/v/Bulletin_TPU/2003/v306/i6/22.pdf |
| Formato: | Recurso Electrónico Capítulo de Livro |
| KOHA link: | https://koha.lib.tpu.ru/cgi-bin/koha/opac-detail.pl?biblionumber=167963 |
MARC
| LEADER | 00000nla2a2200000 4500 | ||
|---|---|---|---|
| 001 | 167963 | ||
| 005 | 20231031162937.0 | ||
| 035 | |a (RuTPU)RU\TPU\book\182226 | ||
| 035 | |a RU\TPU\book\182225 | ||
| 090 | |a 167963 | ||
| 100 | |a 20091022d2003 k y0rusy50 ca | ||
| 101 | 0 | |a rus | |
| 102 | |a RU | ||
| 135 | |a drnn ---uucaa | ||
| 181 | 0 | |a i | |
| 182 | 0 | |a b | |
| 200 | 1 | |a Исследование свойств диоксида церия |b Электронный ресурс |f М. Г. Штуца [и др.] | |
| 203 | |a Текст |c электронный | ||
| 215 | |a 1 файл (3.2 Мб) | ||
| 225 | 1 | |a Технические науки | |
| 230 | |a Электронные текстовые данные (1 файл : 3.2 Мб) | ||
| 300 | |a Заглавие с титульного листа | ||
| 300 | |a Электронная версия печатной публикации | ||
| 320 | |a [Библиогр.: с. 97 (4 назв.)] | ||
| 330 | |a Исследовано влияние различных факторов, действующих в процессе осаждения карбоната церия, на структуру диоксида церия, полученного их прокалкой при 500 и 1000°С. Показана возможность получения диоксида церия с высокой удельной площадью поверхности, пригодного для использования в производстве катализаторов. | ||
| 337 | |a Adobe Reader | ||
| 461 | 1 | |0 (RuTPU)RU\TPU\book\176237 |t Известия Томского политехнического университета [Известия ТПУ] |f Томский политехнический университет (ТПУ) |d 2000- | |
| 463 | 1 | |0 (RuTPU)RU\TPU\book\182122 |t Т. 306, № 6 |v [С. 94-97] |d 2003 |p 167 с. | |
| 610 | 1 | |a диоксид церия | |
| 610 | 1 | |a карбонат церия | |
| 610 | 1 | |a структура | |
| 610 | 1 | |a свойства | |
| 610 | 1 | |a катализаторы | |
| 610 | 1 | |a производство катализаторов | |
| 610 | 1 | |a удельная площадь поверхности | |
| 610 | 1 | |a гранулометрический состав | |
| 610 | 1 | |a термоустойчивость | |
| 610 | 1 | |a электронный ресурс | |
| 701 | 1 | |a Штуца |b М. Г. | |
| 701 | 1 | |a Кардаполов |b А. В. | |
| 701 | 1 | |a Филиппов |b В. Б. | |
| 701 | 1 | |a Сысина |b Н. А. | |
| 801 | 1 | |a RU |b 63413507 |c 20090623 |g PSBO | |
| 801 | 2 | |a RU |b 63413507 |c 20210521 |g PSBO | |
| 856 | 4 | |u http://www.lib.tpu.ru/fulltext/v/Bulletin_TPU/2003/v306/i6/22.pdf | |
| 942 | |c CF | ||